000 00794nam a2200289Ia 4500
005 20260324125006.0
008 008 260324s9999 xx 000 0 eng d
020 _a9781315237657
037 _aEBOOK
040 _aCRL
040 _beng
040 _cCRL
041 _2eng
041 _aeng
084 _qCRL
100 _aCarl F. Barnes Jr.
_91176277
245 4 _aThe Portfolio of Villard de Honnecourt
245 2 _bA New Critical Edition and Color Facsimile (Paris, Bibliothèque nationale de France, MS Fr 19093) with a glossary by Stacey L. Hahn
260 _bTaylor and Francis
260 _c2009
365 _a
365 _b240
856 _uhttp://www.taylorfrancis.com/books/9781315237657
942 _cEBOOK
999 _c1771154
_d1771154